000 00675nam a2200229 4500
001 47831
003 BD-RjUL
005 20211209054412.0
008 160810s1949 enk b 001 0 eng
035 _a(BD-RjUL)47950
040 _aBD-RjUL
_cNGcA
_dBD-RjUL
_beng
041 _aeng
082 _a360.942
_223
_bCOE 1949
100 _aCohen, Emmeline W.
_9145221
245 1 0 _aEnglish social services :
_bmethods and growth /
_cEmmeline W. Cohen
260 _aLondon :
_bGeorge Allen & Unwin Ltd,
_c1949
300 _axii, 169 p. ;
_c19 cm.
500 _aInclude index
650 0 _aCharities
_zGreat Britain
_xHistory.
_9145222
650 0 _a
_9148402
942 _2ddc
_cBK
999 _c47831
_d47831